000 00450nam a2200181Ia 4500
001 1419
005 20260306143727.0
008 260306t1975||||xx |||||||||||||| ||spa||
041 _aESP
082 _a150
_bK29
100 _aKazdin, Alan E.
_eAUT
245 0 _aModificación de la conducta y sus aplicaciones prácticas
260 _c1975
300 _a343 páginas :
_c23 x15 cm.
650 _aGEN
654 _aCPS
942 _cLIB
_dJUS
_fJUS
_2ddc
_n
999 _c1419
_d1419